000 00571nam a2200229Ia 4500
003 OSt
005 20220918210353.0
006 a|||||r|||| 00| 0
007 ta
008 220917b |||||||| |||| 00| 0 eng d
024 _a120,298
037 _cTextual
040 _aARTS
_cARTS
_beng
041 _2eng
_aeng
082 _aV73:1941:N7, K4
100 _aKaufmann William W
_9118055
245 0 _aMcnamara starategy
260 _c1964
650 _aHISTORY
942 _hV73:1941:N7, K4
_cTEXL
_2CC
999 _c243556
_d243556